000
00193 a2200097 4500
020
_a
9780673758903
041
_a
spa
100
_a
Greene, Inez
245
_a
942
_c
BK
999
_c
31934
_d
31932